[Event "Corr"]
[Site "?"]
[Date "2002.01.15"]
[Round "?"]
[White "Elburg John"]
[Black "Koudelka Ivan"]
[Result "1/2-1/2"]
[WhiteElo "2235"]
[BlackElo "2076"]
[PlyCount "100"]
[EventDate "2002.??.??"]
[Source "www.chesslib.no"]
[SourceDate "2004.05.04"]

1. e4 e5 2. Nf3 Nc6 3. Bc4 Nf6 4. Ng5 Bc5 5. Nxf7 Bxf2+ 6. Kxf2 Nxe4+ 7. Ke3 Qh4 8. g3 Nxg3 9. hxg3 Qd4+ 10. Kf3 O-O 11. Rh4 e4+ 12. Kg2 d5 13. Bb3 Rxf7 14. Qg1 Qe5 15. Nc3 Be6 16. d3 exd3 17. cxd3 Qf5 18. Bf4 Ne7 19. Rh2 g5 20. Rh5 h6 21. Qd1 Qf6 22. Be3 Nf5 23. Bg1 Nxg3 24. Rh3 Nf5 25. Kh1 c6 26. Qf3 Qg6 27. Qg2 Rf6 28. Bf2 Ng7 29. Rh2 Qxd3 30. Bg1 Raf8 31. Rd1 Qa6 32. Bd4 Rg6 33. Ne2 Bf5 34. Nc3 Ne6 35. Be3 b6 36. Qg3 Rgf6 37. Rf2 Qb7 38. Rdf1 R6f7 39. Bd1 Ng7 40. Bd4 Qe7 41. Kg1 Bg6 42. Rxf7 Rxf7 43. Rxf7 Bxf7 44. Qb8+ Kh7 45. Be5 Bg6 46. Bf3 g4 47. Be2 h5 48. Bd4 Ne8 49. Qf4 Ng7 50. Qb8 Ne8 1/2-1/2

[Event "Corr"]
[Site "?"]
[Date "2004.07.30"]
[Round "?"]
[White "Canizares Cuadra Pedro"]
[Black "Leisebein Peter"]
[Result "1-0"]
[WhiteElo "2104"]
[BlackElo "2206"]
[PlyCount "41"]
[EventDate "2004.??.??"]
[Source "www.chesslib.no"]
[SourceDate "2004.05.04"]

1. e4 e5 2. Nf3 Nc6 3. Bc4 Nf6 4. Ng5 Bc5 5. Nxf7 Bxf2+ 6. Kxf2 Nxe4+ 7. Ke3 Qe7 8. Nxh8 Qg5+ 9. Kxe4 d5+ 10. Bxd5 Bf5+ 11. Kf3 Bg4+ 12. Kf2 Bxd1 13. Bxc6+ bxc6 14. Rxd1 Qh5 15. Rf1 Qh4+ 16. Kg1 Ke7 17. d3 Rxh8 18. Be3 Qb4 19. Nd2 Qxb2 20. Nc4 Qxc2 21. Nxe5 1-0

[Event "Ch (Men)"]
[Site "?"]
[Date "2005.10.20"]
[Round "6"]
[White "Gorbunov Oleg"]
[Black "Kuznezov Albert"]
[Result "0-1"]
[WhiteElo "2180"]
[BlackElo "2122"]
[PlyCount "56"]
[EventDate "2005.??.??"]
[Source "www.chesslib.no"]
[SourceDate "2004.05.04"]

1. e4 e5 2. Nf3 Nc6 3. Bc4 Nf6 4. Ng5 Bc5 5. Nxf7 Bxf2+ 6. Kxf2 Nxe4+ 7. Kf1 Rf8 8. Qf3 Qh4 9. g3 Qh3+ 10. Kg1 Nf6 11. c3 d5 12. Bxd5 Nxd5 13. Qxd5 Rxf7 14. Qg2 Bg4 15. Na3 O-O-O 16. b4 Rdf8 17. Bb2 Qxg2+ 18. Kxg2 Bf3+ 19. Kg1 Bxh1 20. Kxh1 Rf1+ 21. Rxf1 Rxf1+ 22. Kg2 Rd1 23. b5 Rxd2+ 24. Kf3 Rxb2 25. bxc6 Rxa2 26. cxb7+ Kxb7 27. Nc4 Rxh2 28. Nxe5 a5 0-1

[Event "Cannes Martinez Open"]
[Site "Cannes FRA"]
[Date "1995.??.??"]
[Round "2"]
[White "Sighirdjian, Eric Mikhail"]
[Black "Vialaret, Laurent"]
[Result "1-0"]
[WhiteElo "2205"]
[BlackElo "2090"]
[PlyCount "85"]
[EventDate "1995.07.??"]
[Source "www.chesslib.no"]
[SourceDate "2004.05.04"]

1. e4 e5 2. Nf3 Nc6 3. Bc4 Nf6 4. Ng5 Bc5 5. O-O O-O 6. d3 d6 7. Be3 Bg4 8. Nf3 Nd4 9. Nbd2 Bb6 10. Re1 Kh8 11. c3 Nxf3+ 12. Nxf3 Nd7 13. h3 Be6 14. Nd2 Bxc4 15. Nxc4 f5 16. Bxb6 axb6 17. exf5 Rxf5 18. Ne3 Rf4 19. Nd5 Rf5 20. Ne3 Rf4 21. Nd5 Rf5 22. Qg4 g6 23. Ne3 Rf4 24. Qe2 c6 25. Nc4 Qf6 26. Nd2 Rf8 27. Rf1 d5 28. Rae1 Qg5 29. Qe3 Qh5 30. f3 Qf5 31. Kh2 Rh4 32. g4 Qf6 33. d4 g5 34. Kg2 exd4 35. Qxd4 Rh6 36. Re7 Nc5 37. f4 Ne6 38. fxg5 Nxd4 39. gxf6 Nb5 40. g5 Rg6 41. h4 h6 42. Nf3 hxg5 43. Ne5 1-0

[Event "FRA, Nationale II 2004/2005"]
[Site "?"]
[Date "2005.??.??"]
[Round "11.5"]
[White "Deumie Philippe"]
[Black "Leygue Dominique"]
[Result "0-1"]
[WhiteElo "2012"]
[BlackElo "2278"]
[PlyCount "60"]
[EventDate "2005.??.??"]
[Source "www.chesslib.no"]
[SourceDate "2004.05.04"]

1. e4 e5 2. Nf3 Nc6 3. Bc4 Nf6 4. Ng5 Bc5 5. d3 O-O 6. Nc3 d6 7. Nf3 h6 8. Be3 Nh5 9. Qd2 Bg4 10. Ne2 Bxf3 11. gxf3 Qf6 12. O-O-O Qxf3 13. Rhg1 Kh7 14. Ng3 Nf4 15. Nf5 Ne2+ 16. Kb1 Nxg1 17. Rxg1 g6 18. d4 gxf5 19. Be2 Qh3 20. dxc5 f4 21. Bxf4 exf4 22. Qxf4 Qe6 23. Bg4 Rg8 24. Bf5+ Kh8 25. Rd1 Qf6 26. cxd6 cxd6 27. a3 Qg5 28. Qf3 Rad8 29. Qb3 Qf6 30. Qxb7 Rb8 0-1

[Event "TT/5/98/3"]
[Site "corr"]
[Date "1998.??.??"]
[Round "?"]
[White "Hanison, Bernard"]
[Black "Doplmayr, F.(OST)."]
[Result "0-1"]
[WhiteElo "2010"]
[BlackElo "2270"]
[PlyCount "30"]
[EventDate "1998.??.??"]
[Source "www.chesslib.no"]
[SourceDate "2004.05.04"]

1. e4 e5 2. Nf3 Nc6 3. Bc4 Nf6 4. Ng5 Bc5 5. d4 d5 6. Bxd5 Nxd4 7. Nxf7 Qe7 8. Nxh8 Bg4 9. Qd3 Nxd5 10. exd5 e4 11. Qd2 O-O-O 12. O-O Rxd5 13. Kh1 Qh4 14. Nf7 Rh5 15. Qf4 Ne2 0-1

[Event "TT/5/98/3"]
[Site "corr"]
[Date "1998.??.??"]
[Round "?"]
[White "Doplmayr, F.(OST)."]
[Black "Hanison, Bernard"]
[Result "1/2-1/2"]
[WhiteElo "2270"]
[BlackElo "2010"]
[PlyCount "37"]
[EventDate "1998.??.??"]
[Source "www.chesslib.no"]
[SourceDate "2004.05.04"]

1. e4 e5 2. Nf3 Nc6 3. Bc4 Nf6 4. Ng5 Bc5 5. Nxf7 Bxf2+ 6. Kxf2 Nxe4+ 7. Ke3 Qe7 8. Nxh8 Qg5+ 9. Kxe4 d5+ 10. Bxd5 Bf5+ 11. Kf3 Bg4+ 12. Kf2 Bxd1 13. Bxc6+ bxc6 14. Rxd1 Qh5 15. Rf1 Qxh2 16. d3 Kd7 17. Nd2 Rxh8 18. Nf3 Rf8 19. Bd2 1/2-1/2

[Event "SLO-ch U20"]
[Site "Kranj"]
[Date "2000.??.??"]
[Round "?"]
[White "Zvan, Ziga"]
[Black "Petek, Primoz"]
[Result "0-1"]
[WhiteElo "2168"]
[BlackElo "2111"]
[PlyCount "92"]
[EventDate "2000.??.??"]
[Source "www.chesslib.no"]
[SourceDate "2004.05.04"]

1. e4 e5 2. Nf3 Nc6 3. Bc4 Nf6 4. Ng5 Bc5 5. Bxf7+ Ke7 6. Bd5 Rf8 7. Nf3 Qe8 8. c3 d6 9. d4 exd4 10. cxd4 Bb4+ 11. Bd2 Nxd5 12. exd5 Kd8+ 13. Qe2 Bxd2+ 14. Kxd2 Qxe2+ 15. Kxe2 Ne7 16. Re1 Bg4 17. Nbd2 Nxd5 18. Kf1 Kd7 19. h3 Bf5 20. Kg1 Nf4 21. Re3 Rae8 22. Rae1 Nd3 23. Rxe8 Rxe8 24. Rxe8 Kxe8 25. b3 a5 26. g4 Be6 27. Ng5 Bg8 28. Nge4 Nf4 29. Kh2 Ne2 30. h4 Nxd4 31. Kg3 b5 32. Kf4 a4 33. bxa4 bxa4 34. Nc3 a3 35. Ndb1 Nc2 36. h5 Bc4 37. g5 d5 38. Ke5 d4 39. Nd2 Bg8 40. Nb5 Bxa2 41. Nxc7+ Kd7 42. Nb5 d3 43. f4 Bc4 44. Nxa3 Nxa3 45. f5 Bf7 46. g6 hxg6 0-1

[Event "Galiza-ch"]
[Site "Padron"]
[Date "2001.04.09"]
[Round "3.4"]
[White "Vidal del Rio, Manuel"]
[Black "Duran Rodriguez, Moises"]
[Result "0-1"]
[WhiteElo "2107"]
[BlackElo "2165"]
[PlyCount "36"]
[EventDate "2001.04.07"]
[Source "www.chesslib.no"]
[SourceDate "2004.05.04"]

1. e4 e5 2. Nf3 Nc6 3. Bc4 Nf6 4. Ng5 Bc5 5. Nxf7 Bxf2+ 6. Kf1 Qe7 7. Nxh8 d5 8. exd5 Nd4 9. Be2 Bh4 10. Nc3 Ng4 11. Ne4 Qf8+ 12. Bf3 Bf5 13. Ng3 Bxc2 14. Qe1 Nxf3 15. gxf3 Qxf3+ 16. Kg1 Bd3 17. a4 Bxg3 18. hxg3 Be4 0-1

[Event "Politiken Cup 24th"]
[Site "Copenhagen"]
[Date "2002.07.18"]
[Round "4"]
[White "Vang, Finnbjorn"]
[Black "Andersen, Ib Hother"]
[Result "1-0"]
[WhiteElo "2107"]
[BlackElo "2160"]
[PlyCount "83"]
[EventDate "2002.07.15"]
[Source "ChessBase"]
[SourceDate "2002.09.11"]

1. e4 e5 2. Nf3 Nc6 3. Bc4 Nf6 4. Ng5 Bc5 5. Bxf7+ Ke7 6. Bd5 d6 7. c3 Rf8 8. Bxc6 bxc6 9. d4 Bb6 10. Be3 Qe8 11. dxe5 dxe5 12. Bxb6 axb6 13. Nd2 Bg4 14. Ngf3 Nd7 15. h3 Qh5 16. Qc2 Nc5 17. Nxe5 Be2 18. Ndf3 Bxf3 19. Nxf3 Rxf3 20. gxf3 Qxf3 21. Rh2 Nd3+ 22. Kf1 Qxe4 23. Rd1 Rd8 24. Qe2 Qxe2+ 25. Kxe2 Nxb2 26. Rxd8 Kxd8 27. Rg2 g6 28. Rg4 b5 29. Rb4 Na4 30. Kd2 Nb6 31. Kd3 Ke7 32. Re4+ Kd7 33. Kd4 Kd6 34. Re8 Nd7 35. Rd8 c5+ 36. Ke4 b4 37. c4 Ke7 38. Rxd7+ Kxd7 39. Kd5 g5 40. Kxc5 h5 41. f3 Ke6 42. Kxb4 1-0

[Event "Traxler Thematic (E)"]
[Site "?"]
[Date "2000.??.??"]
[Round "?"]
[White "Elburg John"]
[Black "Doktor Pavel"]
[Result "1-0"]
[WhiteElo "2235"]
[BlackElo "2030"]
[PlyCount "39"]
[EventDate "2000.??.??"]
[Source "www.chesslib.no"]
[SourceDate "2004.05.04"]

1. e4 e5 2. Nf3 Nc6 3. Bc4 Nf6 4. Ng5 Bc5 5. Nxf7 Bxf2+ 6. Kxf2 Nxe4+ 7. Ke3 Qh4 8. g3 Nxg3 9. hxg3 Qd4+ 10. Kf3 d5 11. Rh4 e4+ 12. Kg2 O-O 13. Nc3 Qxc4 14. Rf4 Rxf7 15. Rxf7 Kxf7 16. Qh5+ Ke6 17. d3 exd3 18. cxd3 Qd4 19. Bf4 g6 20. Qxh7 1-0

[Event "Traxler Thematic (E)"]
[Site "?"]
[Date "2000.??.??"]
[Round "?"]
[White "Doktor Pavel"]
[Black "Elburg John"]
[Result "0-1"]
[WhiteElo "2030"]
[BlackElo "2235"]
[PlyCount "32"]
[EventDate "2000.??.??"]
[Source "www.chesslib.no"]
[SourceDate "2004.05.04"]

1. e4 e5 2. Nf3 Nc6 3. Bc4 Nf6 4. Ng5 Bc5 5. Nxf7 Bxf2+ 6. Kxf2 Nxe4+ 7. Ke3 Qe7 8. c3 d5 9. Bxd5 Qc5+ 10. d4 Qxd5 11. Nxh8 exd4+ 12. cxd4 Bg4 13. Nc3 Qg5+ 14. Kxe4 Qf5+ 15. Ke3 Bxd1 16. Rxd1 O-O-O 0-1

[Event "Corr"]
[Site "?"]
[Date "2003.01.28"]
[Round "?"]
[White "Horak Jiri"]
[Black "Ottenweller Wolfgang"]
[Result "1/2-1/2"]
[WhiteElo "2206"]
[BlackElo "2052"]
[PlyCount "91"]
[EventDate "2003.??.??"]
[Source "www.chesslib.no"]
[SourceDate "2004.05.04"]

1. e4 e5 2. Nf3 Nc6 3. Bc4 Nf6 4. Ng5 Bc5 5. Bxf7+ Ke7 6. Bb3 Rf8 7. d3 d6 8. Be3 Nd4 9. Nd2 h6 10. Ngf3 Nxb3 11. axb3 Bxe3 12. fxe3 Kf7 13. O-O Kg8 14. Qe1 Qe8 15. Nh4 Be6 16. Nf5 Kh7 17. Qh4 Qh5 18. b4 a6 19. Qxh5 Nxh5 20. h3 Nf6 21. Ng3 Rad8 22. Rf2 Rd7 23. d4 Bf7 24. Ra5 Re7 25. Nf5 Ree8 26. d5 Rd8 27. g4 Be8 28. c4 Rf7 29. Ra1 Bd7 30. Kg2 Rdf8 31. Raf1 g6 32. Ng3 Kg7 33. Ne2 Ne8 34. Rxf7+ Rxf7 35. Rxf7+ Kxf7 36. Nc3 Ke7 37. Nb3 Kd8 38. c5 Kc8 39. Na5 Nf6 40. Kf3 Nh7 41. b3 Ng5+ 42. Kg3 Be8 43. Nc4 Nf7 44. h4 Kd8 45. Kf2 Bd7 46. Kg3 1/2-1/2

[Event "Corr"]
[Site "?"]
[Date "2002.08.03"]
[Round "?"]
[White "Naeter Burkhard"]
[Black "Popovic Antonije"]
[Result "1/2-1/2"]
[WhiteElo "2092"]
[BlackElo "2148"]
[PlyCount "43"]
[EventDate "2002.??.??"]
[Source "www.chesslib.no"]
[SourceDate "2004.05.04"]

1. e4 e5 2. Nf3 Nc6 3. Bc4 Nf6 4. Ng5 Bc5 5. Bxf7+ Ke7 6. Bd5 Rf8 7. O-O d6 8. c3 Bg4 9. Qe1 h6 10. d4 Bb6 11. h3 hxg5 12. hxg4 Qd7 13. Na3 Qxg4 14. f3 Qh5 15. Nc4 Rh8 16. Nxb6 axb6 17. Qg3 exd4 18. Qxg5 Qxg5 19. Bxg5 dxc3 20. bxc3 Ra3 21. f4 Kd7 22. Bxf6 1/2-1/2

[Event "Corr"]
[Site "?"]
[Date "2002.01.15"]
[Round "?"]
[White "Biondi Piero"]
[Black "Elburg John"]
[Result "1/2-1/2"]
[WhiteElo "2000"]
[BlackElo "2235"]
[PlyCount "32"]
[EventDate "2002.??.??"]
[Source "www.chesslib.no"]
[SourceDate "2004.05.04"]

1. e4 e5 2. Nf3 Nc6 3. Bc4 Nf6 4. Ng5 Bc5 5. Nxf7 Bxf2+ 6. Kxf2 Nxe4+ 7. Ke3 Qh4 8. g3 Nxg3 9. hxg3 Qd4+ 10. Kf3 d5 11. Rh4 e4+ 12. Kg2 O-O 13. Rf4 dxc4 14. Qh5 g6 15. Nh6+ Kg7 16. Qg5 Bh3+ 1/2-1/2

[Event "Corr"]
[Site "?"]
[Date "2002.01.15"]
[Round "?"]
[White "Elburg John"]
[Black "Biondi Piero"]
[Result "1/2-1/2"]
[WhiteElo "2235"]
[BlackElo "2000"]
[PlyCount "81"]
[EventDate "2002.??.??"]
[Source "www.chesslib.no"]
[SourceDate "2004.05.04"]

1. e4 e5 2. Nf3 Nc6 3. Bc4 Nf6 4. Ng5 Bc5 5. Nxf7 Bxf2+ 6. Kxf2 Nxe4+ 7. Ke3 Qh4 8. g3 Nxg3 9. hxg3 Qd4+ 10. Kf3 d5 11. Rh4 e4+ 12. Kg2 O-O 13. Bb3 Rxf7 14. Qg1 Qe5 15. Nc3 Be6 16. d3 exd3 17. cxd3 Qf5 18. Bf4 Ne7 19. Rh2 Ng6 20. Rf1 Qxd3 21. Rf3 Qf5 22. Qd1 c6 23. Bc2 Qf6 24. Be3 Qxf3+ 25. Qxf3 Rxf3 26. Kxf3 Bf7 27. b4 b6 28. Bd4 Nf8 29. a3 h5 30. Bf5 Re8 31. g4 hxg4+ 32. Bxg4 Be6 33. Rg2 Bxg4+ 34. Rxg4 Ne6 35. Ne2 Rf8+ 36. Ke3 Rf5 37. Nf4 Nxd4 38. Kxd4 Kf7 39. Nd3 Kf6 40. Rg3 Rf1 41. b5 1/2-1/2

[Event "Baden Ch HT4"]
[Site "Hockenheim GER"]
[Date "1994.??.??"]
[Round "3"]
[White "Werner, Bernd-Michael"]
[Black "Eyer, Karl"]
[Result "1/2-1/2"]
[WhiteElo "2220"]
[BlackElo "1995"]
[PlyCount "74"]
[EventDate "1994.??.??"]
[Source "www.chesslib.no"]
[SourceDate "2004.05.04"]

1. e4 e5 2. Nf3 Nc6 3. Bc4 Nf6 4. Ng5 Bc5 5. Bxf7+ Kf8 6. Bd5 Nxd5 7. exd5 Qxg5 8. O-O Nd4 9. c3 d6 10. cxd4 Bg4 11. Qb3 Bxd4 12. Qg3 Qg6 13. Nc3 h5 14. h3 Bf5 15. Qxg6 Bxg6 16. a4 Bd3 17. Re1 a6 18. Ra3 Bc5 19. Rb3 b6 20. Ne4 Bxe4 21. Rxe4 Ke7 22. Rg3 Rhg8 23. b4 Bd4 24. d3 Raf8 25. Be3 Bxe3 26. fxe3 g5 27. d4 Rf5 28. dxe5 Rxe5 29. Rxe5+ dxe5 30. e4 g4 31. hxg4 Rxg4 32. Rxg4 hxg4 33. Kf2 Kf6 34. Ke3 Kg5 35. g3 Kf6 36. Kd3 Ke7 37. Kc3 Kd7 1/2-1/2

[Event "Lisbon-ch"]
[Site "Lisbon"]
[Date "1998.06.01"]
[Round "9"]
[White "Costa, Fernando JM"]
[Black "Santos, Marco"]
[Result "1-0"]
[WhiteElo "2115"]
[BlackElo "2100"]
[PlyCount "43"]
[EventDate "1998.05.18"]
[Source "www.chesslib.no"]
[SourceDate "2004.05.04"]

1. e4 e5 2. Nf3 Nc6 3. Bc4 Nf6 4. Ng5 Bc5 5. Bxf7+ Ke7 6. Bd5 Rf8 7. O-O d6 8. h3 Qe8 9. c3 h6 10. d4 Bb6 11. Nf3 Qh5 12. Be3 Bxh3 13. gxh3 Nxd5 14. exd5 Rxf3 15. Nd2 Raf8 16. Nxf3 Rxf3 17. dxc6 Qxh3 18. Re1 Rf6 19. Qd3 Qg4+ 20. Kf1 Rf5 21. cxb7 Rh5 22. Qe4 1-0

[Event "Open"]
[Site "Trinec CZE"]
[Date "1999.01.02"]
[Round "8"]
[White "Babula, P."]
[Black "Trojacek, P."]
[Result "0-1"]
[WhiteElo "2060"]
[BlackElo "2140"]
[PlyCount "68"]
[EventDate "1999.??.??"]
[Source "www.chesslib.no"]
[SourceDate "2004.05.04"]

1. e4 e5 2. Nf3 Nc6 3. Bc4 Nf6 4. Ng5 Bc5 5. Bxf7+ Ke7 6. Bd5 Rf8 7. O-O d6 8. c3 h6 9. Nf3 Bg4 10. d4 exd4 11. Bxc6 bxc6 12. cxd4 Bb6 13. Nbd2 Qe8 14. e5 dxe5 15. Re1 Kd8 16. Rxe5 Qd7 17. Qe1 Nd5 18. Qe4 Kc8 19. b3 Rf4 20. Rxd5 Qf7 21. Qe2 Qxd5 22. Qa6+ Kd8 23. Bb2 Bxf3 24. Nxf3 Ke7 25. Rc1 Kf8 26. Ne5 Rf6 27. Qb7 Re8 28. h3 Rxe5 29. dxe5 Rxf2 30. Qc8+ Kf7 31. e6+ Kg6 32. Qe8+ Kh7 33. Qxc6 Rc2+ 34. Kf1 Rf2+ 0-1